[Event "SR 2. liga A 2003/2004"]
[Site "?"]
[Date "2004.01.10"]
[Round "5.4"]
[White "Gasa, Andrej"]
[Black "Kovarik, Oto"]
[Result "1-0"]
[WhiteElo "2188"]
[BlackElo "2128"]
[PlyCount "73"]
[EventDate "2003.??.??"]

1. e4 c5 2. Nf3 d6 3. d4 cxd4 4. Nxd4 Nc6 5. Nc3 Nf6 6. Bg5 e5 7. Ndb5 a6 8.
Na3 Be7 9. Bxf6 Bxf6 10. Nc4 Nd4 11. Nd5 b5 12. Nce3 Bg5 13. c3 Nc6 14. a4 Rb8
15. axb5 axb5 16. Be2 O-O 17. O-O Be6 18. Ra6 Qc8 19. Qa1 Rd8 20. Rd1 h6 21. g3
Ne7 22. h4 Nxd5 23. Nxd5 Bf6 24. Nxf6+ gxf6 25. Raxd6 Rxd6 26. Rxd6 b4 27. Qa5
bxc3 28. bxc3 Kg7 29. Rd1 Ra8 30. Qb4 Qc6 31. Bb5 Qc8 32. Bf1 Qc6 33. Rc1 Rc8
34. Qb1 Bc4 35. Qc2 Ra8 36. Qd1 Qxe4 37. Bg2 1-0

[Event "SR 2. liga A 2003/2004"]
[Site "?"]
[Date "2004.01.10"]
[Round "5.4"]
[White "Hecko, Dusan"]
[Black "Manak, Jozef"]
[Result "1/2-1/2"]
[WhiteElo "2176"]
[BlackElo "2076"]
[PlyCount "65"]
[EventDate "2003.??.??"]

1. e4 c5 2. Nf3 Nc6 3. Bb5 g6 4. O-O Bg7 5. Re1 e5 6. d3 Nge7 7. Nc3 O-O 8. h3
a6 9. Bxc6 Nxc6 10. a4 h6 11. Be3 d6 12. b3 Be6 13. Rb1 Ne7 14. Qc1 Kh7 15. b4
b6 16. bxc5 bxc5 17. Qb2 Rb8 18. Qxb8 Qxb8 19. Rxb8 Rxb8 20. Rb1 Rxb1+ 21. Nxb1
f5 22. Kf1 Nc6 23. Ke2 Nd4+ 24. Nxd4 cxd4 25. exf5 gxf5 26. Bc1 Kg6 27. Ba3 Bf8
28. Nd2 Kf7 29. g3 Bd7 30. Nc4 Bxa4 31. Bxd6 Bxd6 32. Nxd6+ Ke6 33. Nb7 1/2-1/2

[Event "SR 2. liga A 2003/2004"]
[Site "?"]
[Date "2004.01.10"]
[Round "5.4"]
[White "Kolman, Richard"]
[Black "Duben, Igor"]
[Result "1/2-1/2"]
[WhiteElo "2102"]
[BlackElo "2163"]
[PlyCount "28"]
[EventDate "2003.??.??"]

1. d4 e6 2. Nf3 d5 3. Bf4 Bd6 4. Bg3 Nf6 5. e3 b6 6. c3 Bb7 7. Bd3 Qe7 8. Nbd2
Nbd7 9. Ne5 Bxe5 10. dxe5 Ne4 11. Bxe4 dxe4 12. Qa4 O-O 13. Nxe4 Nc5 14. Nxc5
Qxc5 1/2-1/2

[Event "SR 2. liga A 2003/2004"]
[Site "?"]
[Date "2004.01.10"]
[Round "5.4"]
[White "Miklas, Marian"]
[Black "Lahucky, Pavol"]
[Result "1/2-1/2"]
[WhiteElo "2204"]
[BlackElo "2099"]
[PlyCount "68"]
[EventDate "2003.??.??"]

1. c4 c5 2. g3 f5 3. Bg2 Nf6 4. Nc3 g6 5. e4 fxe4 6. Nxe4 e5 7. Ne2 d6 8. O-O
Nc6 9. d3 Nxe4 10. Bxe4 Bh3 11. Bg2 Bxg2 12. Kxg2 Qd7 13. Be3 O-O-O 14. Nc3 h5
15. h3 Be7 16. Qd2 Rdf8 17. Nd5 Bd8 18. b4 cxb4 19. a3 b3 20. Rfb1 Ba5 21. Qd1
Rf7 22. Rxb3 Rhf8 23. Rab1 Qe6 24. Rb5 Bd8 25. Qa4 Qe8 26. Bxa7 Nxa7 27. Qxa7
Rxf2+ 28. Qxf2 Rxf2+ 29. Kxf2 Qf7+ 30. Kg2 Qf5 31. Rxb7 Qxd3 32. Rb8+ Kd7 33.
R1b7+ Ke6 34. Rxd8 Qe2+ 1/2-1/2

[Event "SR 2. liga A 2003/2004"]
[Site "?"]
[Date "2004.01.10"]
[Round "5.4"]
[White "Sukuba, Zdeno"]
[Black "Antol, Ladislav"]
[Result "0-1"]
[WhiteElo "2116"]
[BlackElo "2057"]
[PlyCount "76"]
[EventDate "2003.??.??"]

1. Nf3 Nf6 2. c4 g6 3. g3 Bg7 4. Bg2 O-O 5. O-O d5 6. cxd5 Nxd5 7. Nc3 c6 8. e4
Nb6 9. d4 Bg4 10. Ne2 N8d7 11. Be3 Nc4 12. Qb3 Nxe3 13. fxe3 Nb6 14. h3 Be6 15.
Qd3 Qd6 16. b3 c5 17. Rac1 Rac8 18. e5 Qd7 19. Nf4 c4 20. Qb1 cxb3 21. Nxe6
Qxe6 22. axb3 Bh6 23. Qd3 Nd5 24. Rce1 Rc3 25. Qe4 Nxe3 26. Rf2 Qxb3 27. d5 Qc4
28. Qxc4 Nxc4 29. Kh2 Ne3 30. Rfe2 Nxd5 31. Nd4 e6 32. Nb5 Rb3 33. Nd6 Rd8 34.
Bxd5 exd5 35. Rf1 Rd7 36. Ref2 f5 37. exf6 Rxd6 38. f7+ Kf8 0-1

[Event "SR 2. liga A 2003/2004"]
[Site "?"]
[Date "2004.01.10"]
[Round "5.4"]
[White "Vychodil, Michal"]
[Black "Breja, Stanislav"]
[Result "0-1"]
[WhiteElo "2104"]
[BlackElo "2121"]
[PlyCount "65"]
[EventDate "2003.??.??"]

1. e4 e5 2. d4 exd4 3. Qxd4 Nc6 4. Qe3 d6 5. Nc3 Nf6 6. Bd2 g6 7. O-O-O Bg7 8.
f3 O-O 9. g4 d5 10. Qf2 dxe4 11. Be3 Qe8 12. g5 Nd7 13. Nxe4 Qe5 14. Nc3 Qa5
15. Nge2 Nb6 16. h4 Be6 17. Kb1 Rfd8 18. Nd4 Na4 19. Nxa4 Qxa4 20. b3 Qa3 21.
c3 Nxd4 22. cxd4 c5 23. Bd3 cxd4 24. Bc1 Qa5 25. h5 Bf5 26. hxg6 Bxd3+ 27. Rxd3
fxg6 28. Qh4 Qf5 29. Qxh7+ Kf7 30. Rhd1 Rh8 31. Qxh8 Rxh8 32. Bb2 Rh1 33. Kc1
0-1

[Event "SR 2. liga A 2003/2004"]
[Site "?"]
[Date "2004.01.10"]
[Round "5.5"]
[White "Kubis, Ivan"]
[Black "Sarmir, Milos"]
[Result "0-1"]
[WhiteElo "2062"]
[BlackElo "2152"]
[PlyCount "64"]
[EventDate "2003.??.??"]

1. e4 e5 2. Nf3 Nc6 3. Bc4 Bc5 4. b4 Bxb4 5. c3 Bc5 6. d4 exd4 7. O-O d5 8.
exd5 Nce7 9. cxd4 Bd6 10. Ne5 Nf6 11. Bb5+ Bd7 12. Nxd7 Nxd7 13. Qg4 a6 14. Ba4
b5 15. Bc2 O-O 16. Bh6 Ng6 17. Bg5 Be7 18. Bxe7 Qxe7 19. Nc3 Nf6 20. Qf3 Rfe8
21. h3 b4 22. Na4 Qe2 23. Qxe2 Rxe2 24. Bb3 Nf4 25. Rfe1 Rae8 26. Rxe2 Nxe2+
27. Kf1 Nxd4 28. Bc4 a5 29. Rd1 Nf5 30. Nc5 Nd6 31. Bb3 Nfe4 32. Rd3 Nxc5 0-1

[Event "SR 2. liga A 2003/2004"]
[Site "?"]
[Date "2004.01.10"]
[Round "5.5"]
[White "Marko, Vladimir"]
[Black "Kuna, Vladimir"]
[Result "1/2-1/2"]
[WhiteElo "2010"]
[BlackElo "2149"]
[PlyCount "38"]
[EventDate "2003.??.??"]

1. f4 d5 2. Nf3 Nf6 3. e3 g6 4. d4 Bg7 5. Bd3 O-O 6. O-O Nbd7 7. Nbd2 c5 8. c3
b6 9. e4 dxe4 10. Nxe4 Bb7 11. Ng3 cxd4 12. Nxd4 Nc5 13. Bc2 Qd5 14. Qe2 Ba6
15. Nb5 Rad8 16. c4 Bxb5 17. cxb5 Nd3 18. Be3 Nb4 19. Bb3 Qd3 1/2-1/2

[Event "SR 2. liga A 2003/2004"]
[Site "?"]
[Date "2004.01.10"]
[Round "5.5"]
[White "Moravcik, Marian"]
[Black "Kruppa, Dominik"]
[Result "0-1"]
[WhiteElo "2073"]
[BlackElo "2040"]
[PlyCount "64"]
[EventDate "2003.??.??"]

1. e4 c5 2. Nf3 Nc6 3. d4 cxd4 4. Nxd4 e5 5. Nb5 d6 6. N1c3 a6 7. Na3 b5 8. Nd5
Nce7 9. c4 Nxd5 10. cxd5 f5 11. Bd3 fxe4 12. Bxe4 Nf6 13. Qd3 Be7 14. O-O O-O
15. f3 Qe8 16. Be3 Qh5 17. Rac1 Nxe4 18. fxe4 Bg4 19. Rxf8+ Rxf8 20. Rc2 Bh4
21. Nb1 Be1 22. h3 Bd1 23. Rc6 Be2 24. Qc2 Rf1+ 25. Kh2 h6 26. Nd2 Rf6 27. Rxa6
Qh4 28. Qc8+ Kh7 29. Ra8 Qg3+ 30. Kh1 Qxe3 31. Qg8+ Kg6 32. Ra7 Qxa7 0-1

[Event "SR 2. liga A 2003/2004"]
[Site "?"]
[Date "2004.01.10"]
[Round "5.5"]
[White "Pacher, Milan"]
[Black "Szollos, Ondrej"]
[Result "1/2-1/2"]
[WhiteElo "2051"]
[BlackElo "2068"]
[PlyCount "105"]
[EventDate "2003.??.??"]

1. d4 d6 2. c4 c6 3. Nc3 Qc7 4. e4 e5 5. Nf3 Bg4 6. Be2 Nf6 7. O-O Be7 8. Be3
Nbd7 9. b4 O-O 10. a4 Rfd8 11. a5 Nf8 12. a6 b6 13. Rc1 Rac8 14. b5 c5 15. dxe5
dxe5 16. Nd5 Qd6 17. Qc2 h6 18. Rcd1 Qe6 19. Rfe1 Ne8 20. Nd2 Ng6 21. f3 Bh5
22. g4 Bh4 23. Bf2 Bxf2+ 24. Kxf2 Nf4 25. Nxf4 exf4 26. gxh5 Nf6 27. Nb1 Qh3
28. Kg1 Nxh5 29. Rxd8+ Rxd8 30. Rd1 Re8 31. Rd3 Qh4 32. Bf1 Qe1 33. Qd1 Qh4 34.
Qd2 Re6 35. Nc3 Rg6+ 36. Bg2 Nf6 37. Nd5 Nxd5 38. Rxd5 Qf6 39. Rd7 Qa1+ 40. Kf2
Qe5 41. Rxa7 Rd6 42. Qc2 Qd4+ 43. Ke1 Qa1+ 44. Ke2 Qg1 45. Ra8+ Kh7 46. e5+ Rg6
47. Qd3 Qxg2+ 48. Kd1 Qa2 49. a7 Qa1+ 50. Kd2 Qb2+ 51. Qc2 Qa3 52. Qe4 Qb2+ 53.
Qc2 1/2-1/2

[Event "SR 2. liga A 2003/2004"]
[Site "?"]
[Date "2004.01.10"]
[Round "5.5"]
[White "Pagac, Kvetoslav"]
[Black "Doucha, Ludvik"]
[Result "0-1"]
[WhiteElo "2060"]
[BlackElo "2122"]
[PlyCount "26"]
[EventDate "2003.??.??"]

1. d4 Nf6 2. c4 e5 3. dxe5 Ne4 4. Nf3 Nc6 5. Qc2 d5 6. exd6 Bf5 7. Qb3 Qxd6 8.
Nc3 Nxc3 9. Qxc3 Nb4 10. Nd2 Nc2+ 11. Kd1 Nxa1 12. c5 Qxc5 13. e4 Be6 0-1

[Event "SR 2. liga A 2003/2004"]
[Site "?"]
[Date "2004.01.10"]
[Round "5.5"]
[White "Rohackova, Veronika"]
[Black "Kebis, Milos"]
[Result "0-1"]
[WhiteElo "2049"]
[BlackElo "2088"]
[PlyCount "70"]
[EventDate "2003.??.??"]

1. e4 g6 2. d4 Bg7 3. c3 d6 4. Be3 Nf6 5. Nd2 Nbd7 6. Bc4 O-O 7. h3 c6 8. Bb3
b5 9. Ne2 Bb7 10. O-O e5 11. f4 Qe7 12. Ng3 exd4 13. cxd4 c5 14. Bc2 Nd5 15.
Bf2 Nxf4 16. d5 c4 17. Rb1 Ne5 18. b3 h5 19. Be3 Nfd3 20. bxc4 bxc4 21. Nxc4
Nxc4 22. Qxd3 Nxe3 23. Qxe3 Bxd5 24. Qa3 Bd4+ 25. Kh1 Bc4 26. Rf3 h4 27. Nf1
Rac8 28. Qa4 Be2 29. Ra3 Rc4 30. Qb3 Rfc8 31. Bd1 Bxf1 32. Bg4 Rc3 33. Qb4
Bxg2+ 34. Kxg2 Qxe4+ 35. Kh2 Rc2+ 0-1

[Event "SR 2. liga A 2003/2004"]
[Site "?"]
[Date "2004.01.10"]
[Round "5.6"]
[White "Hanzluvka, Peter"]
[Black "Furjel, Andrej"]
[Result "1-0"]
[WhiteElo "2071"]
[BlackElo "1905"]
[PlyCount "89"]
[EventDate "2003.??.??"]

1. e4 e6 2. d4 d5 3. Nd2 Be7 4. Ngf3 Nf6 5. e5 Nfd7 6. Bd3 c5 7. c3 Nc6 8. Bc2
Qb6 9. Nb3 a5 10. dxc5 Nxc5 11. O-O Nxb3 12. axb3 Bd7 13. Re1 h6 14. b4 Qd8 15.
bxa5 Rxa5 16. Be3 Qa8 17. Rxa5 Qxa5 18. Qd3 g6 19. Qd2 h5 20. Bg5 Qd8 21. Bxe7
Qxe7 22. Ra1 Kf8 23. Ra8+ Nd8 24. Qf4 Kg7 25. h4 Re8 26. Bd3 Nc6 27. Rxe8 Bxe8
28. Ng5 Nb8 29. g4 hxg4 30. Qxg4 Nc6 31. Qf4 d4 32. cxd4 Qb4 33. Qf6+ Kg8 34.
h5 Qe7 35. Qf4 Nxd4 36. Ne4 Nf5 37. Nf6+ Kg7 38. hxg6 fxg6 39. Bxf5 exf5 40.
Qh2 Qf7 41. Qh7+ Kf8 42. Qh6+ Ke7 43. Qh4 Ke6 44. Qd4 Qe7 45. Qd5# 1-0

[Event "SR 2. liga A 2003/2004"]
[Site "?"]
[Date "2004.01.10"]
[Round "5.6"]
[White "Mikulas, Dusan"]
[Black "Tokos, Jozef"]
[Result "1-0"]
[WhiteElo "2123"]
[BlackElo "2042"]
[PlyCount "79"]
[EventDate "2003.??.??"]

1. e4 c5 2. Nf3 d6 3. d4 cxd4 4. Nxd4 Nf6 5. Nc3 a6 6. f4 Qc7 7. Bd3 b5 8. a3
Bb7 9. Nf3 Nbd7 10. O-O e6 11. Qe1 Nc5 12. Kh1 Be7 13. Rf2 O-O 14. Re2 Rac8 15.
Qg3 Nxd3 16. cxd3 Kh8 17. f5 Rfe8 18. Bg5 exf5 19. Rf1 fxe4 20. Nd4 d5 21. Qh4
Qe5 22. Nf5 Ng8 23. d4 Qe6 24. Qg3 Bxg5 25. Qxg5 g6 26. Ne3 f6 27. Qh4 Rf8 28.
Ref2 Rf7 29. Ne2 Kg7 30. Qg3 Ne7 31. Nf4 Qb6 32. Nh5+ Kh8 33. Rxf6 Rxf6 34. Qe5
gxh5 35. Rxf6 Kg8 36. Qxe7 Qxd4 37. Nf1 Bc6 38. Qe6+ Kg7 39. Rf7+ Kg8 40. Rc7+
1-0

[Event "SR 2. liga A 2003/2004"]
[Site "?"]
[Date "2004.01.10"]
[Round "5.6"]
[White "Puchart, Vladimir"]
[Black "Hertel, Ondrej"]
[Result "1-0"]
[WhiteElo "2145"]
[BlackElo "1853"]
[PlyCount "79"]
[EventDate "2003.??.??"]

1. d4 d5 2. c4 c6 3. Nc3 e5 4. dxe5 d4 5. Ne4 Qa5+ 6. Nd2 Be6 7. Ngf3 Bc5 8. g3
Bxc4 9. Bg2 Bd5 10. O-O Nd7 11. Nb3 Qb6 12. Nxc5 Qxc5 13. Qxd4 Qxd4 14. Nxd4
Bxg2 15. Kxg2 Nxe5 16. Nf5 Kf8 17. Bf4 f6 18. Rfd1 Ne7 19. Nd6 N7g6 20. Nxb7
Rb8 21. Bxe5 fxe5 22. Rd7 h5 23. Rad1 Kg8 24. R1d6 Nf8 25. Rc7 Rh6 26. Rxh6
gxh6 27. b3 Ne6 28. Re7 Nd4 29. e3 Ne2 30. Nc5 Nc1 31. Rxa7 Rb5 32. Nd7 Rd5 33.
Nf6+ Kf8 34. Nxd5 cxd5 35. Rd7 Nxa2 36. Rxd5 Nb4 37. Rxe5 Kf7 38. Rxh5 Kg6 39.
Ra5 Kf6 40. Ra4 1-0

[Event "SR 2. liga A 2003/2004"]
[Site "?"]
[Date "2004.01.10"]
[Round "5.6"]
[White "Raczko, Peter"]
[Black "Bury, Rastislav"]
[Result "0-1"]
[WhiteElo "2074"]
[BlackElo "2031"]
[PlyCount "116"]
[EventDate "2003.??.??"]

1. e4 e5 2. Nf3 Nc6 3. Be2 Nf6 4. d3 Bc5 5. O-O d6 6. c3 Bg4 7. Nbd2 O-O 8. b4
Bb6 9. Nc4 Nd7 10. Nxb6 axb6 11. a3 Qe7 12. Qc2 Rfe8 13. Bg5 Nf6 14. h3 Bh5 15.
Nh2 Bxe2 16. Qxe2 h6 17. Be3 Ra4 18. b5 Nd8 19. Qc2 Ra5 20. c4 Ne6 21. Nf3 Rea8
22. Qc3 Nd7 23. Ra2 Ndc5 24. Bxc5 bxc5 25. g3 Qd7 26. Kg2 b6 27. Nd2 Ng5 28. g4
Ne6 29. Nb1 Nf4+ 30. Kh2 Qd8 31. Qd2 Qh4 32. Qe3 Ra4 33. Rd2 Qf6 34. Qg3 g5 35.
Rh1 Kg7 36. Qf3 Rh8 37. Rg1 Raa8 38. Rg3 h5 39. Rd1 Rh6 40. Rh1 Rah8 41. gxh5
Rxh5 42. Kg1 Nxh3+ 43. Kf1 Qxf3 44. Rxf3 Nf4 45. Rg1 Rh1 46. Nc3 Rxg1+ 47. Kxg1
Rh3 48. Rxh3 Nxh3+ 49. Kg2 Nf4+ 50. Kf3 Kg6 51. Ke3 g4 52. Na2 Kg5 53. Nc1 Kh4
54. Ne2 Nxe2 55. Kxe2 Kh3 56. Kf1 Kh2 57. Ke1 Kg1 58. Ke2 Kg2 0-1

[Event "SR 2. liga A 2003/2004"]
[Site "?"]
[Date "2004.01.10"]
[Round "5.6"]
[White "Sekera, Branislav"]
[Black "Samko, Karol"]
[Result "1-0"]
[WhiteElo "2122"]
[BlackElo "1998"]
[PlyCount "75"]
[EventDate "2003.??.??"]

1. d4 Nf6 2. Nf3 e6 3. Bg5 d5 4. e3 Nbd7 5. Bd3 Be7 6. O-O c5 7. c3 O-O 8. Nbd2
b6 9. Qb1 h6 10. Bh4 Bb7 11. Re1 Re8 12. Bb5 a6 13. Ba4 b5 14. Bc2 Qc7 15. Nb3
c4 16. Nbd2 Bd6 17. Bg3 Nb6 18. Ne5 Qe7 19. Bh4 g5 20. Bg3 Bxe5 21. dxe5 Nh5
22. Qd1 Nxg3 23. hxg3 f5 24. Qe2 Kg7 25. f4 g4 26. Kf2 h5 27. Rh1 Rh8 28. Rh4
Nd7 29. Rah1 Qe8 30. Nf1 Nc5 31. Nd2 Rd8 32. Rc1 Qd7 33. Rhh1 Qc6 34. Rh2 Kg6
35. b3 Rh7 36. Rch1 Ne4+ 37. Bxe4 fxe4 38. Rxh5 1-0

[Event "SR 2. liga A 2003/2004"]
[Site "?"]
[Date "2004.01.10"]
[Round "5.6"]
[White "Toth_Vano, Peter"]
[Black "Hanes, Mojmir"]
[Result "1/2-1/2"]
[WhiteElo "2032"]
[BlackElo "2044"]
[PlyCount "77"]
[EventDate "2003.??.??"]

1. e4 e5 2. Nf3 Nc6 3. d4 exd4 4. Nxd4 Bc5 5. Nxc6 bxc6 6. Bc4 d6 7. O-O Nf6 8.
Nc3 O-O 9. Bg5 Qe7 10. Bd3 Qe5 11. Qd2 Bb4 12. Rae1 Nd7 13. Bf4 Qa5 14. a3 Bxc3
15. Qxc3 Qxc3 16. bxc3 Re8 17. f3 Ne5 18. Rb1 Nxd3 19. cxd3 Ba6 20. Rfd1 c5 21.
d4 cxd4 22. Rxd4 Kf8 23. Rdb4 Ke7 24. Ra4 Bc8 25. Be3 a6 26. Rab4 Bd7 27. Rb7
Rec8 28. Kf2 Bb5 29. c4 Bxc4 30. Rc1 d5 31. exd5 Bxd5 32. Rcxc7+ Rxc7 33. Rxc7+
Ke6 34. Bc5 Rd8 35. Ra7 Bc4 36. Bb4 Rd7 37. Rxd7 Kxd7 38. Ke3 Ke6 39. g3
1/2-1/2

[Event "SR 2. liga A 2003/2004"]
[Site "?"]
[Date "2004.01.10"]
[Round "5.7"]
[White "Gabris, Ondrej"]
[Black "Syrovy, Ivan"]
[Result "0-1"]
[WhiteElo "2044"]
[BlackElo "2067"]
[PlyCount "96"]
[EventDate "2003.??.??"]

1. e4 c6 2. d4 d5 3. exd5 cxd5 4. c4 Nf6 5. Nc3 Nc6 6. Bg5 e6 7. Nf3 Be7 8. Bd3
h6 9. Bf4 a6 10. O-O Nb4 11. Be2 dxc4 12. Bxc4 Nbd5 13. Be5 O-O 14. Bb3 b5 15.
Qe2 Bb7 16. Ne4 Rc8 17. Rac1 Qd7 18. Nc5 Bxc5 19. dxc5 Ne7 20. Bd6 Bxf3 21.
Qxf3 Rfe8 22. Bxe7 Qxe7 23. c6 Rc7 24. Qe3 Rb8 25. Qf3 Rbc8 26. Rc2 Qd6 27.
Rfc1 Nd5 28. Bxd5 exd5 29. Qe3 d4 30. Qe4 d3 31. Rd2 Rxc6 32. Rcd1 Rc1 33. Qe1
Rxd1 34. Qxd1 Rd8 35. g3 Qd5 36. a3 Qe4 37. h3 Rd6 38. Kh2 f5 39. Qb3+ Qc4 40.
Qc3 Rd4 41. Qa5 Qc1 42. Qxa6 Qxd2 43. Qc8+ Rd8 44. Qxd8+ Kh7 45. Qd4 Qc2 46. g4
d2 47. gxf5 d1=Q 48. Qg4 Qxf2+ 0-1

[Event "SR 2. liga A 2003/2004"]
[Site "?"]
[Date "2004.01.10"]
[Round "5.7"]
[White "Gono, Pavol"]
[Black "Karlik, Lubomir"]
[Result "1/2-1/2"]
[WhiteElo "1910"]
[BlackElo "1903"]
[PlyCount "111"]
[EventDate "2003.??.??"]

1. e4 c5 2. Nf3 e6 3. d4 cxd4 4. Nxd4 a6 5. g3 Nf6 6. Bg2 Nc6 7. O-O Qc7 8. Be3
Be7 9. c4 O-O 10. Nc3 d6 11. b3 Bd7 12. Kh1 Rac8 13. Rc1 Nxd4 14. Bxd4 b5 15.
cxb5 axb5 16. a4 Qa5 17. Nxb5 Bxb5 18. axb5 Qxb5 19. Ra1 Rfd8 20. Ra7 Rd7 21.
Re1 Rxa7 22. Bxa7 Nd7 23. Bf1 Qb4 24. Bc4 Nc5 25. Bxc5 Rxc5 26. Re2 g6 27. Ra2
Ra5 28. Rxa5 Qxa5 29. Qd4 Qc5 30. Qd2 Bf6 31. Kg2 Qd4 32. Qc2 Qb2 33. Qxb2 Bxb2
34. b4 Bd4 35. Kf3 Kg7 36. Ke2 Kf6 37. f3 Ke7 38. Kd3 Bb6 39. Bb3 f5 40. Kc4
fxe4 41. fxe4 Bg1 42. h3 Bf2 43. g4 Kf6 44. Kb5 Be1 45. Kc4 Ke5 46. Bc2 d5+ 47.
exd5 exd5+ 48. Kc5 Bf2+ 49. Kc6 Kd4 50. b5 Kc3 51. Ba4 d4 52. b6 d3 53. b7 Bg3
54. Kd5 d2 55. Ke4 Kb2 56. Ke3 1/2-1/2

[Event "SR 2. liga A 2003/2004"]
[Site "?"]
[Date "2004.01.10"]
[Round "5.7"]
[White "Kasanicky, Robert"]
[Black "Palka, Miroslav"]
[Result "1-0"]
[WhiteElo "1982"]
[BlackElo "2034"]
[PlyCount "83"]
[EventDate "2003.??.??"]

1. d4 d5 2. c4 e6 3. Nc3 Nf6 4. Bg5 Nbd7 5. e3 c6 6. cxd5 exd5 7. Bd3 h6 8. Bh4
Be7 9. Qc2 O-O 10. Nf3 Re8 11. O-O Ne4 12. Bxe7 Qxe7 13. Rab1 b6 14. b4 Bb7 15.
Rfc1 Nxc3 16. Qxc3 b5 17. a4 a6 18. a5 g6 19. Nd2 Rad8 20. Re1 f5 21. f4 Nf6
22. Nf3 Nd7 23. h3 Qe6 24. Ne5 Kg7 25. Rbc1 Nxe5 26. fxe5 Qe7 27. Qc5 Qxc5 28.
Rxc5 Re6 29. Rec1 h5 30. R5c2 Rh8 31. g3 Re7 32. Rg2 Rh6 33. g4 hxg4 34. hxg4
fxg4 35. Rxg4 Re8 36. Rf1 Reh8 37. Rf6 Rh1+ 38. Kg2 R8h2+ 39. Kg3 Rg1+ 40. Kxh2
Rxg4 41. Rd6 Kh6 42. e6 1-0

[Event "SR 2. liga A 2003/2004"]
[Site "?"]
[Date "2004.01.10"]
[Round "5.7"]
[White "Kollarik, Gorazd"]
[Black "Mosny, Jaroslav"]
[Result "0-1"]
[WhiteElo "1826"]
[BlackElo "2051"]
[PlyCount "126"]
[EventDate "2003.??.??"]

1. d4 Nf6 2. c4 g6 3. Nc3 Bg7 4. e4 d6 5. Be2 O-O 6. Nf3 Nbd7 7. O-O e5 8. d5
a5 9. Bg5 h6 10. Be3 b6 11. Nd2 Qe7 12. Nb5 Nc5 13. Qc2 Ne8 14. Bd3 f5 15. f3
f4 16. Bf2 g5 17. Be2 h5 18. Qd1 Rf6 19. g4 hxg4 20. fxg4 Rh6 21. Bxc5 dxc5 22.
Bf3 Bf8 23. Rf2 Qh7 24. Qe2 Nf6 25. Rg2 Bd6 26. Rf1 Rh4 27. Rff2 Kf7 28. a4 Bd7
29. Nc3 Rh8 30. Nf1 Kg6 31. Kh1 Qg8 32. Kg1 Qc8 33. Nd2 Nxg4 34. Bxg4 Bxg4 35.
Nf3 Kf6 36. Qd2 Bxf3 37. Rxf3 Rg4 38. Rff2 Rhh4 39. Rxg4 Rxg4+ 40. Rg2 Rxg2+
41. Qxg2 g4 42. Nd1 Kg5 43. Nf2 Kh4 44. h3 f3 45. Qxg4+ Qxg4+ 46. hxg4 Be7 47.
Nd3 Bf6 48. Kf2 Kxg4 49. Kf1 Kg3 50. Kg1 f2+ 51. Kf1 Kf3 52. Nxf2 Bh4 53. Nd1
Kxe4 54. Ke2 Kd4 55. b3 Bg5 56. Nf2 Be3 57. Ng4 Bg1 58. Nf6 e4 59. Ne8 Bh2 60.
Nf6 Bf4 61. Ng4 Kc3 62. Nf6 Kxb3 63. Nxe4 Kxc4 0-1

[Event "SR 2. liga A 2003/2004"]
[Site "?"]
[Date "2004.01.10"]
[Round "5.7"]
[White "Machalova, Erika"]
[Black "Deak, Gabriel"]
[Result "1/2-1/2"]
[WhiteElo "1996"]
[BlackElo "2082"]
[PlyCount "131"]
[EventDate "2003.??.??"]

1. d4 Nf6 2. c4 e6 3. Nc3 Bb4 4. Qc2 O-O 5. Nf3 d5 6. e3 c5 7. dxc5 Qa5 8. Bd2
Qxc5 9. cxd5 exd5 10. Bd3 Nc6 11. a3 Qa5 12. O-O Be7 13. Ne2 Qb6 14. Ned4 Nxd4
15. Nxd4 Bd7 16. Bc3 Rac8 17. Rac1 Rfe8 18. Nf5 Bf8 19. Qd2 Qd8 20. Rfd1 g6 21.
Nd4 Ne4 22. Bxe4 dxe4 23. Ne2 Bg4 24. Qxd8 Rexd8 25. Rxd8 Rxd8 26. Nd4 a6 27.
h3 Bd7 28. Kf1 Rc8 29. Ke2 f5 30. Bd2 Rxc1 31. Bxc1 Kf7 32. Bd2 Bd6 33. Bc3 g5
34. f3 exf3+ 35. Nxf3 Bb5+ 36. Kf2 h6 37. Nd4 Bd7 38. g3 Kg6 39. Ne2 Kf7 40.
Nd4 Kg6 41. Kg2 Kf7 42. Kf2 Be7 43. Kg2 Bf6 44. Kf2 Bc8 45. Kg2 Kg6 46. Kf2 b6
47. Kg2 Bb7+ 48. Kf2 Be5 49. Be1 Be4 50. Bc3 Bd6 51. Bd2 Kf7 52. Bc3 Ke7 53.
Bd2 Kd7 54. h4 Be5 55. hxg5 hxg5 56. Bc3 Kd6 57. Be1 Kd5 58. Ke2 Kc4 59. b3+
Kd5 60. Kf2 Bxd4 61. exd4 Kxd4 62. Bd2 Bc2 63. Be3+ Kc3 64. Bxb6 Bxb3 65. Bc5
Kc4 66. Be7 1/2-1/2

[Event "SR 2. liga A 2003/2004"]
[Site "?"]
[Date "2004.01.10"]
[Round "5.7"]
[White "Prielozny, Marek"]
[Black "Janecek, Jan"]
[Result "0-1"]
[WhiteElo "1924"]
[BlackElo "1977"]
[PlyCount "78"]
[EventDate "2003.??.??"]

1. d4 d5 2. c4 c6 3. Nf3 Nf6 4. Nc3 g6 5. Bf4 Bg7 6. e3 O-O 7. Bd3 Nh5 8. Be5
dxc4 9. Bxc4 Nd7 10. Bxg7 Nxg7 11. O-O Nb6 12. Bb3 Bg4 13. Rc1 e6 14. h3 Bxf3
15. Qxf3 Qe7 16. e4 Rad8 17. Rfd1 Rd6 18. e5 Rdd8 19. Ne4 Nf5 20. Nf6+ Kg7 21.
Qf4 h6 22. Rc3 Nd5 23. Bxd5 exd5 24. g4 Nd6 25. g5 Nf5 26. gxh6+ Nxh6 27. Qg5
Qe6 28. Rf3 Rh8 29. Nh5+ Kh7 30. Rf6 Qxh3 31. Rxg6 fxg6 32. Qe7+ Nf7 33. Qxf7+
Kh6 34. Ng3 Rdf8 35. Qe7 Rf3 36. Re1 Rh7 37. Qd6 Rhf7 38. Nh1 R7f5 39. e6 Rh5
0-1

[Event "SR 2. liga A 2003/2004"]
[Site "?"]
[Date "2004.01.10"]
[Round "5.8"]
[White "Antala, Jan"]
[Black "Cambel, Vladimir"]
[Result "1-0"]
[WhiteElo "1918"]
[BlackElo "1800"]
[PlyCount "59"]
[EventDate "2003.??.??"]

1. e4 c5 2. Nf3 Nc6 3. d4 cxd4 4. c3 dxc3 5. Nxc3 d6 6. Bc4 e6 7. O-O Be7 8.
Qe2 a6 9. Rd1 Qc7 10. Bf4 Na5 11. Bd3 Bd7 12. Rac1 Qb8 13. b4 Nc6 14. b5 axb5
15. Bxb5 Nf6 16. e5 Nh5 17. exd6 Nxf4 18. Qd2 Bxd6 19. Qxd6 Qxd6 20. Rxd6 Ke7
21. Rd2 Rhd8 22. g3 Ng6 23. Re1 Be8 24. Rb2 Ra3 25. Re3 Ra7 26. h4 Nd4 27. Nxd4
Rxd4 28. Bxe8 Kxe8 29. Nb5 Ra5 30. Nxd4 1-0

[Event "SR 2. liga A 2003/2004"]
[Site "?"]
[Date "2004.01.10"]
[Round "5.8"]
[White "Dzavik, Jozef"]
[Black "Diviak, Rastislav"]
[Result "1-0"]
[WhiteElo "1967"]
[BlackElo "1920"]
[PlyCount "63"]
[EventDate "2003.??.??"]

1. d4 Nf6 2. Nf3 g6 3. c4 Bg7 4. Nc3 d6 5. e4 O-O 6. Be2 e5 7. d5 Ne8 8. O-O f5
9. Nd2 Nf6 10. f3 f4 11. b4 Na6 12. Ba3 Nd7 13. Nb3 b6 14. Rc1 Bb7 15. Qd2 Qe7
16. Rfd1 Rfd8 17. Na4 Rac8 18. c5 bxc5 19. bxc5 Ndxc5 20. Naxc5 Nxc5 21. Bxc5
dxc5 22. Nxc5 Ba8 23. Ne6 Rd6 24. Qa5 c6 25. Rc3 Qb7 26. Ba6 Qd7 27. Bxc8 Qxc8
28. Nxg7 Kxg7 29. Qxa7+ Rd7 30. Qc5 Qd8 31. d6 Qf6 32. Ra3 1-0

[Event "SR 2. liga A 2003/2004"]
[Site "?"]
[Date "2004.01.10"]
[Round "5.8"]
[White "Milanov, Jasen"]
[Black "Kersten, Juraj"]
[Result "1-0"]
[WhiteElo "2046"]
[BlackElo "1930"]
[PlyCount "116"]
[EventDate "2003.??.??"]

1. c4 e5 2. Nc3 Nc6 3. e4 Nf6 4. g3 Bc5 5. Bg2 d6 6. Nge2 Bg4 7. h3 Bh5 8. g4
Bg6 9. d3 h6 10. Bd2 Nd7 11. Nd5 Nb6 12. b4 Nxd5 13. bxc5 Ndb4 14. Bxb4 Nxb4
15. Qa4+ Nc6 16. cxd6 Qxd6 17. Rd1 O-O 18. O-O h5 19. Ng3 hxg4 20. hxg4 Qe7 21.
Rd2 Kh7 22. f4 Qc5+ 23. Kh2 exf4 24. Rxf4 Rh8 25. Qd1 Kg8+ 26. Bh3 Qg5 27. Rdf2
Rd8 28. Nf5 Ne5 29. d4 Bxf5 30. gxf5 Nxc4 31. d5 Rd6 32. Qg4 Qxg4 33. Rxg4 Rdh6
34. Rg3 Rh4 35. Rc2 Ne5 36. Kg2 R8h6 37. Rgc3 Rb6 38. Re2 Rb4 39. f6 g6 40. Rg3
Nc4 41. Rc3 Rh5 42. Kg3 Re5 43. Kf4 Re8 44. Bd7 g5+ 45. Kxg5 Re5+ 46. Kf4 Rh5
47. a3 Rb2 48. Rxb2 Nxb2 49. Rxc7 Nd3+ 50. Ke3 Ne5 51. Bf5 Rxf5 52. exf5 Ng4+
53. Kd4 Nxf6 54. d6 Kf8 55. Rxb7 Ke8 56. Re7+ Kd8 57. Rxf7 Nd7 58. Rxd7+ Kxd7
1-0